Statistics for All About Pasta

Click here to take the quiz!

General Stats

  • This quiz has been taken 17,354 times
  • The average score is 10 of 15

Answer Stats

HintAnswer% Correct
Which country eats the most pasta per capita?Italy
99%
What orange cartoon cat loves lasagna?Garfield
96%
What is the primary ingredient in marinara sauce?Tomatoes
94%
What Italian phrase, literally "to the tooth", describes cooked pasta
that has a firm texture?
Al {dente}
88%
What movie featured two dogs eating the same noodle, and then eventually kissing?Lady and the Tramp
81%
Farfalle are shaped like something that people wear to a fancy party.
What are they shaped like?
Bow ties
79%
What term refers to Western films directed by Italian directors like Sergio Leone?{Spaghetti} Westerns
75%
What type of pasta are shaped like small dumplings and are sometimes
made with potatoes?
Gnocchi
70%
What is the English name of capellini?{Angel} hair pasta
66%
According to popular misconception, what famous voyager brought noodles from
China to Italy in the 13th century?
Marco Polo
63%
What are cannelloni shaped like?Tubes
60%
In an Italian meal, pasta is usually served in the primi (first course).
But what Italian word refers to the food served even before the first course?
Antipasti
59%
Who stuck a feather in his cap and called it macaroni?Yankee Doodle
55%
What type of pasta did Alfredo di Lelio famously cook with?Fettuccine
32%
What body part are tortellini supposedly shaped like?Belly button
22%

Score Distribution

Percentile by Number Answered

Percent of People with Each Score

Your Score History

You have not taken this quiz